000 00439nam a2200181Ia 4500
001 15362
005 20260306170150.0
008 260306t2011||||xx |||||||||||||| ||und||
041 _aESP
082 _a536.2
_bC235 2011
100 _aÇengel, Yunus A.
_eAUT
245 0 _aTransferencia de calor y masa:
_bfundamentos y aplicaciones
260 _c2011
300 _a
_c
650 _aGEN
654 _aCCN
942 _cLIB
_dJUS
_fJUS
_2ddc
_n
999 _c15362
_d15362